Responses for Show #5968 - Wednesday, July 21, 2010

John Krizel game 4.

Contestants

[<< previous game]

Tom Alexander, a TV news writer from Orlando, Florida

Sarah Minson, a graduate student in seismology originally from Willits, California

John Krizel, a green community program coordinator from Beckley, West Virginia (whose 3-day cash winnings total $78,803)

[next game >>]

Jeopardy! Round responses

IN THE BOOKSTORE
GEORGE CLOONEY MOVIES
HISTORICAL YEARBOOK ENTRIES?
GOING FOR "WARD"
DAYS OF THE WEEK
WHATEVER
    $200 11
Sarah Palin

Sarah
    $200 1
Up in the Air

John
    $200 16
Attila

Tom
    $200 6
a stewardess

Sarah
    $200 26
Wednesday

Tom
    $200 21
a pennant

Tom
    $1,000 12
(Anne) Rice

Sarah
    $400 2
O Brother, Where Art Thou?

Tom
    $400 17
Dick Cheney

John
    $400 7
a wardrobe

Tom
    $400 27
Friday

Tom
    $400 22
(John: What is 3?)
(Sarah: What is 5?)

2

JohnSarahTom
    $600 13
Grisham

Sarah
    $600 3
Leatherheads

John
    $600 18
Julius Caesar

John
    $600 8
warden

John
    $600 28
(Alex: [*], [*], yes.)

Monday

John
    $600 23
Camelot

Sarah
    $800 14
A Million Little Pieces

John
    $800 4
Fantastic Mr. Fox

John
    $800 19
El Cid

John
    $800 9
"Onward"

John
    $800 29
(Tom: What is Sunday?)

Saturday

SarahTom
    $800 24
turndown

Sarah
    $1000 15
Pat Conroy

Tom
    $1000 5
The Men Who Stare at Goats

Sarah
    $1000 20
Indira Gandhi

Sarah
    $1000 10
Noël Coward

John
    $1000 30
Thursday

Tom
    $1000 25
Wales

Tom

Scores at the first commercial break (after clue 15):

John Sarah Tom
$4,800 $3,000 $1,800

Scores at the end of the Jeopardy! Round:

John Sarah Tom
$6,800 $5,800 $4,400

Double Jeopardy! Round responses

BRITISH ART & ARTISTS
ROLLING STONE'S 50 BEST SONGS OF THE DECADE
GET SOME CULTURE
DRINK LABELS
"SOUTHERN" COMFORT
ON THE ROCKS
    $400 26
a mountain

Triple Stumper
    $400 1
Johnny Cash

Sarah
    $400 13
Tokyo

Sarah
    $400 11
Dr Pepper

Tom
    $400 2
the University of Southern California

John
    $400 21
a breakwater

Triple Stumper
    $800 27
Hamlet

Triple Stumper
    $800 7
Eminem

John
    $800 14
Inuit (or Eskimo)

Sarah
    $800 12
(Alex: [*] for Royal Crown.)

RC

John
    $800 3
Southern Pacific

Sarah
    $800 22
kelp

Triple Stumper
    $1200 28
David Hockney

Triple Stumper
    $1200 8
OutKast

Tom
    $1200 15
the Stone Age

John
    $1200 16
(Tom: What is lemon?)

lime (or cherries)

JohnTom
    $1200 4
the Southern Cross

Sarah
    $1200 23
erosion

Sarah
    $5,000 29
(Tom: Who is... [Chuckles] I have no idea.)

Sir Joshua Reynolds

Tom
    $1600 9
The White Stripes

John
    $1600 19
Arizona

Sarah
    $1600 17
Yoo-hoo

Tom
    $1,000 5
(Sarah: What are the Southern Baptists? Uh... the Southern Baptist Congregation?)

the Southern Baptist Convention

Sarah
    $1600 24
a lichen

Tom
    $2000 30
A Rake's Progress

Triple Stumper
    $2000 10
Gnarls Barkley

Tom
    $2000 20
the Etruscans

John
    $2000 18
(2 of) calories, sugar & carbohydrates

John
    $2000 6
the Southern Christian Leadership Conference

Sarah
    $2000 25
(Tom: What is an otter?)

the hyrax

Tom
Triple Stumper

Scores at the end of the Double Jeopardy! Round:

John Sarah Tom
$16,800 $13,200 $3,000

[wagering suggestions for these scores]

Final Jeopardy! Round responses

U.S. PRESIDENTS
(Alex: A BA in history from Yale and an MBA from Harvard.)
TomWho is Kennedy?
$3,000
SarahWho is G.W. Bush?
$3,601
JohnWho is George W. Bush
$9,601
George W. Bush

Final scores:

John Sarah Tom
$26,401 $16,801 $0
4-day champion: $105,204 2nd place: $2,000 3rd place: $1,000

Game dynamics:

Coryat scores:

John Sarah Tom
$16,800 $13,600 $8,000
19 R,
1 W
17 R
(including 1 DD),
2 W
(including 1 DD)
15 R,
4 W
(including 1 DD)

Combined Coryat: $38,400

[game clues] [game scores] [suggest correction]

Game tape date: 2010-03-13
The J! Archive is created by fans, for fans. Scraping, republication, monetization, and malicious use prohibited; this site may use cookies and collect identifying information. See terms. The Jeopardy! game show and all elements thereof, including but not limited to copyright and trademark thereto, are the property of Jeopardy Productions, Inc. and are protected under law. This website is not affiliated with, sponsored by, or operated by Jeopardy Productions, Inc. Join the discussion at JBoard.tv.